| 000 | 00760nam a22002537a 4500 | ||
|---|---|---|---|
| 999 |
_c122599 _d122599 |
||
| 003 | dpl | ||
| 005 | 20181231143538.0 | ||
| 008 | 181231b ||||| |||| 00| 0 eng d | ||
| 010 | _aB-164130, B-164145 | ||
| 020 |
_c180.00 _a9788183330046 |
||
| 035 | _aB-164130, B-164145 | ||
| 037 | _bCen Lib/Ret | ||
| 040 |
_aDPL _bEN _c0 |
||
| 082 |
_a005.43 _bBAY |
||
| 100 |
_aBayross, Ivan _91086 |
||
| 245 |
_aOpen source products on windows / _cby Ivan Bayross |
||
| 260 |
_aNew Delhi _bBPB Publications _c2005 |
||
| 270 |
_aB-14,Cannaught Place _bNew Delhi _e110001 |
||
| 300 |
_a322p. _c24cm(pbk) |
||
| 500 | _aIncludes index | ||
| 650 |
_aComputer Science _9105485 |
||
| 650 |
_aDatabase Management _9440 |
||
| 942 |
_2ddc _cEN _h005.43 _mBAY |
||